Meilleures équipes nord-américaines - Statistiques

Statistiques générales
  • Ce quiz a été pris 37 fois
  • Le résultat moyen est 8 sur 10
Statistiques - réponses
Classement Rang mondial Nation % Correct
3 29 Canada
100%
1 15 Etats-Unis
100%
2 16 Mexique
100%
5 51 Costa Rica
94%
6 65 Honduras
91%
10 94 Guatemala
79%
9 83 Haïti
79%
7 70 Jamaïque
79%
4 33 Panama
79%
8 81 Curaçao
32%
Aucun quiz correspondant
Distribution des résultats
% des personnes avec chaque résultat
Percentile par nombre de réponses
Votre historique - résultats
Vous n’avez pas pris ce quiz